[Event "Damhus-ch C"]
[Site "Rodovre"]
[Date "2011.10.20"]
[Round "7"]
[White "Hein, Jacob"]
[Black "Enemark, Bjorn"]
[Result "0-1"]
[WhiteElo "1488"]
[BlackElo "1510"]
[PlyCount "93"]
[EventDate "2011.09.06"]
[EventType "tourn"]
[EventRounds "7"]
[EventCountry "DEN"]
[SourceTitle "EXT 2023"]
[Source "ChessBase"]
[SourceDate "2022.10.05"]
[SourceVersion "1"]
[SourceVersionDate "2022.10.05"]
[SourceQuality "1"]

1. c4 e5 2. g3 g6 3. Bg2 Bg7 4. Nc3 Nf6 5. Nf3 Nc6 6. a3 0-0 7. b4 d6 8. Bb2 a6 9. Qc2 Re8 10. Rc1 Rb8 11. 0-0 Nd4 12. Nxd4 exd4 13. Nd5 Rxe2 14. Bxd4 Nxd5 15. Bxg7 Nf6 16. Bh6 Re6 17. Qc3 Ne8 18. d4 g5 19. Bxg5 Qxg5 20. Rce1 Rxe1 21. Rxe1 Ng7 22. f4 Qf6 23. Qe3 Bf5 24. Qd2 c6 25. a4 Re8 26. Rxe8+ Nxe8 27. b5 axb5 28. axb5 cxb5 29. cxb5 b6 30. Qe3 Nc7 31. Qc3 Nxb5 32. Qb2 Qxd4+ 33. Qxd4 Nxd4 34. Kf2 Kf8 35. Ke3 Nb3 36. Bd5 Be6 37. Be4 h6 38. f5 Bc4 39. f6 d5 40. Bf3 d4+ 41. Kf4 d3 42. Kg4 d2 43. Kh5 Nd4 44. Bd1 Be2+ 45. Bxe2 Nxe2 46. Kxh6 d1Q 47. h4 0-1

[Event "Damhus-ch C"]
[Site "Rodovre"]
[Date "2011.09.06"]
[Round "1"]
[White "Enemark, Bjorn"]
[Black "Johansen, Erik"]
[Result "1/2-1/2"]
[WhiteElo "1510"]
[BlackElo "1492"]
[PlyCount "45"]
[EventDate "2011.09.06"]
[EventType "tourn"]
[EventRounds "7"]
[EventCountry "DEN"]
[SourceTitle "EXT 2023"]
[Source "ChessBase"]
[SourceDate "2022.10.05"]
[SourceVersion "1"]
[SourceVersionDate "2022.10.05"]
[SourceQuality "1"]

1. d4 Nf6 2. c4 e6 3. Nc3 Bb4 4. Bd2 Bxc3 5. Bxc3 Ne4 6. Nf3 0-0 7. e3 Nxc3 8. bxc3 d5 9. c5 Nc6 10. Bd3 Qe7 11. Qc2 g6 12. Bb5 Bd7 13. Bxc6 Bxc6 14. 0-0 f6 15. Rfe1 e5 16. c4 e4 17. Nd2 f5 18. cxd5 Bxd5 19. Nb1 f4 20. Nc3 c6 21. Nxd5 cxd5 22. exf4 Rxf4 23. Re2 1/2-1/2

[Event "Rodovre-ch A"]
[Site "Rodovre"]
[Date "2009.09.15"]
[Round "3"]
[White "Andersen, Svend Erik"]
[Black "Enemark, Bjorn"]
[Result "0-1"]
[WhiteElo "1814"]
[BlackElo "1647"]
[PlyCount "67"]
[EventDate "2009.09.01"]
[EventType "tourn"]
[EventRounds "7"]
[EventCountry "DEN"]
[SourceTitle "EXT 2023"]
[Source "ChessBase"]
[SourceDate "2022.10.05"]
[SourceVersion "1"]
[SourceVersionDate "2022.10.05"]
[SourceQuality "1"]

1. e4 d5 2. exd5 Qxd5 3. Nc3 Qa5 4. d4 c6 5. Bd2 Qc7 6. Bc4 Bf5 7. Nf3 Nf6 8. Ne5 e6 9. g4 Bg6 10. Nxg6 hxg6 11. Qe2 Be7 12. 0-0-0 Nbd7 13. Bxe6 fxe6 14. g5 Nd5 15. Qxe6 Qd6 16. Nxd5 cxd5 17. Qxd6 Bxd6 18. Rde1+ Kf7 19. Re3 Rhf8 20. Rb3 Nb6 21. Be3 Rac8 22. a4 Rc7 23. a5 Nc4 24. Rb5 Nxe3 25. fxe3 Ke6 26. b3 Rf2 27. c4 dxc4 28. b4 Re2 29. Rf1 Rxe3 30. h4 a6 31. Rb6 Rd7 32. Rf8 Kd5 33. Ra8 Kxd4 34. b5 0-1

[Event "Rodovre-ch A"]
[Site "Rodovre"]
[Date "2007.10.23"]
[Round "7"]
[White "Andersen, Daniel"]
[Black "Enemark, Bjorn"]
[Result "1-0"]
[WhiteElo "1949"]
[BlackElo "1630"]
[PlyCount "105"]
[EventDate "2007.09.04"]
[EventType "tourn"]
[EventRounds "7"]
[EventCountry "DEN"]
[SourceTitle "EXT 2023"]
[Source "ChessBase"]
[SourceDate "2022.10.05"]
[SourceVersion "1"]
[SourceVersionDate "2022.10.05"]
[SourceQuality "1"]

1. c4 e5 2. g3 g6 3. d4 exd4 4. Qxd4 Qf6 5. Qe3+ Qe6 6. Nc3 c6 7. Bg2 Bg7 8. Nh3 Na6 9. a3 Ne7 10. Qf4 0-0 11. Ng5 Qe5 12. Qh4 h6 13. Nf3 Nf5 14. Nxe5 Nxh4 15. gxh4 Bxe5 16. Bxh6 Re8 17. Bd2 Nc5 18. Rd1 Nd3+ 19. exd3 Bxc3+ 20. Kf1 Bxb2 21. a4 Bd4 22. Bf4 Re6 23. Re1 Rf6 24. Re8+ Kh7 25. Bg3 d6 26. h3 Bc5 27. Kg1 Re6 28. Rd8 Bb6 29. Rxd6 Rxd6 30. Bxd6 Bf5 31. Be4 Bxe4 32. dxe4 Rd8 33. c5 Ba5 34. Kg2 b6 35. Rb1 bxc5 36. Bxc5 Rd7 37. Kg3 Bc7+ 38. Kg4 Be5 39. h5 gxh5+ 40. Kxh5 Rd3 41. Rb7 Kg7 42. Kg4 Rc3 43. Be3 Rd3 44. Rxa7 Rd1 45. Ra6 Rg1+ 46. Kf5 Ba1 47. Rxc6 Rh1 48. Kg4 Rg1+ 49. Kf3 Be5 50. a5 Rh1 51. a6 Rxh3+ 52. Kg4 Rh8 53. a7 1-0

[Event "Rodovre-ch B"]
[Site "Rodovre"]
[Date "2006.09.05"]
[Round "1"]
[White "Enemark, Bjorn"]
[Black "Johansen, Erik"]
[Result "1/2-1/2"]
[WhiteElo "1628"]
[BlackElo "1558"]
[PlyCount "47"]
[EventDate "2006.09.05"]
[EventType "tourn"]
[EventRounds "7"]
[EventCountry "DEN"]
[SourceTitle "EXT 2023"]
[Source "ChessBase"]
[SourceDate "2022.10.05"]
[SourceVersion "1"]
[SourceVersionDate "2022.10.05"]
[SourceQuality "1"]

1. d4 Nf6 2. c4 e6 3. Nc3 Bb4 4. Bd2 c5 5. a3 cxd4 6. axb4 dxc3 7. Bxc3 0-0 8. e3 Ne4 9. Bd3 Nxc3 10. bxc3 Nc6 11. Nf3 Qf6 12. Nd4 e5 13. Nxc6 dxc6 14. Qc2 h6 15. 0-0 Qe7 16. e4 Qg5 17. Qc1 Qxc1 18. Raxc1 f5 19. exf5 Bxf5 20. Bxf5 Rxf5 21. Rfe1 Re8 22. Rcd1 Re7 23. c5 a6 24. f3 1/2-1/2